000
00406nam a2200145Ia 4500
008
100204s9999 xx 000 0 und d
082
_b
1004
100
_a
नवलकर प्रमोद
245
_a
झपाटा
260
_b
"दिलिप प्रकाशन , मुंबई"
_c
1979
300
_a
200
630
_a
झपाटा
730
_a
झपाटा
942
_c
BOOK
999
_c
446196
_d
446193